| 000 | 00730nam a2200265 a 4500 | ||
|---|---|---|---|
| 005 | 20210219153329.0 | ||
| 008 | 991125n 000 0 u | ||
| 035 | _aUPN01000091608 | ||
| 100 | _aTobolowsky, Peggy M. | ||
| 222 | _aJOURNAL OF CORRECTIONAL EDUCATION | ||
| 245 | _aParticipation of incarcerated high school drop-outs in county jail programs | ||
| 300 | _a142-145 | ||
| 362 | _a42, No. 3, 1991 | ||
| 505 | _aMarzo 1992 | ||
| 653 | 0 | _aASESORIA | |
| 653 | 0 | _aDESERTORES | |
| 653 | 0 | _aEDUCACION CORRECTIVA | |
| 653 | 0 | _aJOVENES | |
| 653 | 0 | _aNORTEAMERICANOS HISPANOS | |
| 653 | 0 | _aPARTICIPACION | |
| 700 | _aQuinn, James F. | ||
| 700 | _aHolman, John E. | ||
| 904 |
_aAC _b029419 |
||
| 905 | _aArticulo | ||
| 999 |
_c74044 _d74044 |
||